United States Marine Corps Ranks - Statistics

General Stats
  • This quiz has been taken 1,328 times
  • The average score is 17 of 27
Answer Stats
Hint Answer % Correct
Enlisted 1 Private
97%
NCO 1 Corporal
89%
NCO 2 Sergeant
89%
Staff NCO 1 Sgt and up Staff Sergeant
80%
Gen. 4 star General
77%
Enlisted 3 Lance Corporal
77%
Field Officer 1 Major
77%
CO 3 Captain
75%
Staff NCO 2 Gunnery Sergeant
73%
FIeld Officer 3 Colonel
72%
Staff NCO 6 Sergeant Major
70%
Staff NCO 4 Master Sergeant
68%
Staff NCO 3 First Sergeant
66%
Gen. 2 star Major General
65%
Enlisted 2 PFC
64%
Gen. 1 star Brigadier General
63%
CO 2 First Lieutenant
61%
Gen. 3 star Lieutenant General
61%
CO 1 Second Lieutenant
61%
Field Officer 2 Lieutenant Colonel
60%
Staff NCO 5 Master Gunnery Sergeant
52%
Staff NCO 7 ( Special Sergeant Major of the Marine Corps
48%
Warrant Officer Warrant Officer 1
38%
Warrant Officer Chief Warrant Officer 2
33%
Warrant Officer Chief Warrant Officer 3
32%
Warrant Officer Chief Warrant Officer 4
31%
Warrant Officer Chief Warrant Officer 5
29%
No matching quizzes found
Score Distribution
Percent of People with Each Score
Percentile by Number Answered
Your Score History
You have not taken this quiz